Lexi Rivera Quiz - Statistics

General Stats
  • This quiz has been taken 19 times
  • The average score is 6 of 11
Answer Stats
Questions Answer % Correct
Lexi's full name ? Alexa Brooke Rivera
89%
Her age ? 23 years old
78%
What is Lexi's height ? 5'1
67%
When did Lexi start youtube ? (i'm not sure) 2010
56%
Her ex boyfriend name ? Ben Azelart
56%
What is Lexi's brother's name ? (the one she be with the most) Brent Rivera
56%
The boy she have a "crush" on ? Andrew Davila
44%
Her birthday ? June 7th
44%
Lexi's zodiac sign ? Gemini
33%
Her best friend ? Pierson Wodzynski
33%
Where is Lexi from ? Los Angeles , CA
11%
No matching quizzes found
Score Distribution
Percent of People with Each Score
Percentile by Number Answered
Your Score History
You have not taken this quiz